आधुनिक हिन्दी कहानी (Record no. 346367)

MARC details
000 -LEADER
fixed length control field 00764nam a2200217Ia 4500
003 - CONTROL NUMBER IDENTIFIER
control field OSt
005 - DATE AND TIME OF LATEST TRANSACTION
control field 20260112163930.0
008 - FIXED-LENGTH DATA ELEMENTS--GENERAL INFORMATION
fixed length control field 220922b |||||||| |||| 00| 0 hin d
037 ## - SOURCE OF ACQUISITION
Terms of availability TB
040 ## - CATALOGING SOURCE
Original cataloging agency AL
Transcribing agency AL
Language of cataloging hin
041 ## - LANGUAGE CODE
Source of code hin
Language code of text/sound track or separate title hin
084 ## - COLON CLASSIFICATION NUMBER
Classification number O152,3:gN7 M9
Assigning agency AL
100 ## - MAIN ENTRY--PERSONAL NAME
Personal name लाल, लक्षमी नारायण
9 (RLIN) 863980
245 #0 - TITLE STATEMENT
Title आधुनिक हिन्दी कहानी
246 ## - VARYING FORM OF TITLE
Title proper/short title Ādhunik hindī kahānī
260 ## - PUBLICATION, DISTRIBUTION, ETC.
Place of publication, distribution, etc. नई दिल्ली:
Name of publisher, distributor, etc. वाणी प्रका0,
Date of publication, distribution, etc. 1970.
300 ## - PHYSICAL DESCRIPTION
Extent 104पृ.
Dimensions cm.
650 ## - SUBJECT ADDED ENTRY--TOPICAL TERM
Topical term or geographic name entry element हिन्दी साहित्य
9 (RLIN) 156264
942 ## - ADDED ENTRY ELEMENTS (KOHA)
Classification part O152,3:gN7 M9
Koha item type Textbook
Source of classification or shelving scheme Colon Classification (CC)
Suppress in OPAC No
Holdings
Withdrawn status Lost status Damaged status Not for loan Home library Current library Date acquired Total Checkouts Full call number Barcode Date last seen Price effective from Koha item type
        Arts Library Arts Library 2022-09-23   O152,3:gN7 M9 AL1062010 2022-09-23 2022-09-23 Textual
Copyright @ Delhi University Library System